All of the Sims 4 packs - Statistics

General Stats
  • This quiz has been taken 268 times
    255 since last reset
  • The average score is 19 of 35
Answer Stats
Release Date (PC) Type of Pack Answer % Correct
March 31st, 2015 Expansion Pack Get to Work
92%
December 8th, 2015 Expansion Pack Get Together
83%
November 1st, 2016 Expansion Pack City Living
79%
June 22nd, 2018 Expansion Pack Seasons
76%
January 24th, 2017 Game Pack Vampires
74%
June 21st, 2019 Expansion Pack Island Living
71%
November 10th, 2017 Expansion Pack Cats & Dogs
67%
January 13th, 2015 Game Pack Outdoor Retreat
67%
November 15th, 2019 Expansion Pack Discover University
66%
November 6th, 2018 Expansion Pack Get Famous
65%
June 5th, 2020 Expansion Pack Eco Lifestyle
63%
January 16th, 2018 Stuff Pack Laundry Day
62%
July 14th, 2015 Game Pack Spa Day
62%
August 24th, 2017 Stuff Pack Toddler
61%
May 30th, 2017 Game Pack Parenthood
57%
June 16th, 2015 Stuff Pack Perfect Patio
56%
June 7th, 2016 Game Pack Dine Out
55%
December 16th, 2014 Free Pack Holiday Celebration
55%
March 13th, 2018 Stuff Pack My First Pet
53%
February 27th, 2018 Game Pack Jungle Adventure
48%
Under Development Stuff Pack Nifty Knitting
48%
January 21st, 2020 Stuff Pack Tiny Living
48%
March 29th, 2017 Stuff Pack Bowling Night
46%
July 19th, 2016 Stuff Pack Backyard
45%
August 11th, 2015 Stuff Pack Cool Kitchen
44%
February 26th, 2019 Game Pack Strangerville
43%
May 19th, 2015 Stuff Pack Luxury Party
42%
September 29th, 2015 Stuff Pack Spooky
42%
September 10th, 2019 Game Pack Realm of Magic
41%
June 28th, 2016 Stuff Pack Kids Room
38%
December 6th, 2016 Stuff Pack Vintage Glamour
37%
August 18th, 2019 Stuff Pack Moschino
36%
February 9th, 2016 Stuff Pack Romantic Garden
36%
June 20th, 2017 Stuff Pack Fitness
33%
January 12th, 2016 Stuff Pack Movie Hangout
32%
No matching quizzes found
Score Distribution
Percent of People with Each Score
Percentile by Number Answered
Your Score History
You have not taken this quiz since the last reset